| 000 | 00447nam a2200157 i 4500 | ||
|---|---|---|---|
| 001 | 45638 | ||
| 003 | ES-MaACL | ||
| 005 | 20230906161242.0 | ||
| 007 | t| | ||
| 008 | 030326s1908 fr ||||1| fre d | ||
| 100 | 1 |
_aCoignet, C. _939530 |
|
| 245 | 1 | 2 |
_aL'evolution du protestantisme français au XIX siecle / _cC. Coignet. |
| 260 |
_aParis : _b[s.n., _c1908] ( _eSens : _fImp. Mariand) |
||
| 300 |
_a190 p. ; _c19 cm. |
||
| 852 |
_aES-MaACL _jF-12188 |
||
| 999 |
_c45638 _d45638 |
||